| 000 | 00551nam a22001817a 4500 | ||
|---|---|---|---|
| 005 | 20251108172003.0 | ||
| 008 | 250721s2003 xx 000 0 ara d | ||
| 082 | 1 | 4 | _a418.1/جاد |
| 100 | 1 | _aجاد، محمد عبد المطلب | |
| 245 | 1 | 0 | _aصعوبات التعلم في اللغة العربية / |
| 264 | 1 |
_aعمان : _bدار الفكر للنشر، _c2003. |
|
| 300 | _a182ص | ||
| 650 | 1 | 7 | _aصعوبات التعلم |
| 650 | 1 | 7 | _aاللغة العربية |
| 650 | 1 | 7 | _aبطء التعلم |
| 942 |
_2ddc _cBK |
||
| 999 |
_c67637 _d67637 |
||